<?xml version="1.0" encoding="UTF-8"?><?xml-stylesheet type="text/xsl" href="static/style.xsl"?><OAI-PMH xmlns="http://www.openarchives.org/OAI/2.0/" xmlns:xsi="http://www.w3.org/2001/XMLSchema-instance" xsi:schemaLocation="http://www.openarchives.org/OAI/2.0/ http://www.openarchives.org/OAI/2.0/OAI-PMH.xsd"><responseDate>2026-04-17T04:21:11Z</responseDate><request verb="GetRecord" identifier="oai:www.recercat.cat:2445/151477" metadataPrefix="marc">https://recercat.cat/oai/request</request><GetRecord><record><header><identifier>oai:recercat.cat:2445/151477</identifier><datestamp>2025-12-05T10:13:57Z</datestamp><setSpec>com_2072_1057</setSpec><setSpec>col_2072_478856</setSpec><setSpec>col_2072_478917</setSpec></header><metadata><record xmlns="http://www.loc.gov/MARC21/slim" xmlns:dcterms="http://purl.org/dc/terms/" xmlns:xsi="http://www.w3.org/2001/XMLSchema-instance" xmlns:doc="http://www.lyncode.com/xoai" xsi:schemaLocation="http://www.loc.gov/MARC21/slim http://www.loc.gov/standards/marcxml/schema/MARC21slim.xsd">
   <leader>00925njm 22002777a 4500</leader>
   <datafield ind2=" " ind1=" " tag="042">
      <subfield code="a">dc</subfield>
   </datafield>
   <datafield ind2=" " ind1=" " tag="720">
      <subfield code="a">Calvo Calvo, Ángel, 1949-</subfield>
      <subfield code="e">author</subfield>
   </datafield>
   <datafield ind2=" " ind1=" " tag="260">
      <subfield code="c">2020-02-28T13:27:51Z</subfield>
   </datafield>
   <datafield ind2=" " ind1=" " tag="260">
      <subfield code="c">2020-02-28T13:27:51Z</subfield>
   </datafield>
   <datafield ind2=" " ind1=" " tag="260">
      <subfield code="c">2009</subfield>
   </datafield>
   <datafield ind2=" " ind1=" " tag="260">
      <subfield code="c">2020-02-28T13:27:51Z</subfield>
   </datafield>
   <datafield ind2=" " ind1=" " tag="520">
      <subfield code="a">Este artículo examina la formación de la industria de equipo para telecomunicación en España, una subespecialización del sector eléctrico hegemonizada por una empresa de gran tamaño en régimen de monopolio. Se centra en un período crucial, que abarca desde la creación de Standard Eléctrica S. A. (SESA) como filial de International Telephone and Telegraph (ITT) y brazo manufacturero de CTNE hasta la firma del segundo contrato suscrito entre CTNE y SESA en los albores de la apertura económica del franquismo. Durante ese cuarto de siglo, el monopolio de que gozaba CTNE en el servicio telefónico brindó el mercado protegido a ITT también en la vertiente industrial. Por su parte, la inserción de SESA en el grupo de ITT le otorgó acceso privilegiado a nuevos desarrollos tecnológicos. Ahí radica la clave del ascenso de SESA y de su capacidad para sortear coyunturas extremadamente difíciles. Así se comprende mejor por qué la autarquía no fue una mala época, por paradójico que pueda parecer, salvo por las dificultades de acceder a materias primas y a otros inputs básicos.</subfield>
   </datafield>
   <datafield tag="653" ind2=" " ind1=" ">
      <subfield code="a">Telecomunicació</subfield>
   </datafield>
   <datafield tag="653" ind2=" " ind1=" ">
      <subfield code="a">Transferència de tecnologia</subfield>
   </datafield>
   <datafield tag="653" ind2=" " ind1=" ">
      <subfield code="a">Espanya</subfield>
   </datafield>
   <datafield tag="653" ind2=" " ind1=" ">
      <subfield code="a">Telecommunication</subfield>
   </datafield>
   <datafield tag="653" ind2=" " ind1=" ">
      <subfield code="a">Technology transfer</subfield>
   </datafield>
   <datafield tag="653" ind2=" " ind1=" ">
      <subfield code="a">Spain</subfield>
   </datafield>
   <datafield ind2="0" ind1="0" tag="245">
      <subfield code="a">Estado, empresa, mercado. Standard Eléctrica y la industria de equipo de telecomunicaciones en España, 1926-1952</subfield>
   </datafield>
</record></metadata></record></GetRecord></OAI-PMH>